| 000 | 00352 a2200157 4500 | ||
|---|---|---|---|
| 001 | 44644 | ||
| 020 | _a8599007270 | ||
| 040 | _cAnchieta - Aquarius | ||
| 100 | _aGouveia, Luis Augusto | ||
| 240 | 1 | 0 |
_aCâncer, como assim? _lpor |
| 245 | 1 | 0 | _aCâncer, como assim? |
| 300 | _a24 | ||
| 362 | 0 | _a0 | |
| 650 | 4 | _aLiteratura infanto-juvenil | |
| 942 | _cBK | ||
| 999 |
_c44644 _d44644 |
||